Odisea (Registro nro. 28832)
[ vista simple ]
| 000 -CABECERA | |
|---|---|
| Longitud fija campo de control | 00578nam a22002057a 4500 |
| 003 - IDENTIFICADOR DELl NÚMERO DE CONTROL | |
| Identificador del número de control | OSt |
| 005 - FECHA Y HORA DE LA ÚLTIMA TRANSACCIÓN | |
| Fecha y hora de la última transacción | 20180126101748.0 |
| 008 - CÓDIGOS DE INFORMACIÓN DE LONGITUD FIJA | |
| Códigos de información de longitud fija | 180118b xxu||||| |||| 00| 0 eng d |
| 020 ## - NÚMERO INTERNACIONAL NORMALIZADO PARA LIBROS | |
| Número Internacional Normalizado para Libros (ISBN) | 84-9763-043-2 |
| 040 ## - FUENTE DE LA CATALOGACIÓN | |
| Centro catalogador de origen | BMC |
| Centro transcriptor | BMC |
| 082 ## - NÚMERO DE LA CLASIFICACIÓN DECIMAL DEWEY | |
| Númeroo de clasificación | 808.0689 |
| 100 1# - PUNTO DE ACCESO PRINCIPAL-NOMBRE DE PERSONA | |
| 9 (RLIN) | 42123 |
| Nombre de persona | Kube-McDowell, Michael P. |
| 245 10 - MENCIÓN DE TÍTULO | |
| Título | Odisea |
| Mención de responsabilidad, etc. | Michael P. Kube-McDowell |
| 260 ## - PUBLICACIÓN, DISTRIBUCIÓN, ETC. (PIE DE IMPRENTA) | |
| Lugar de publicación, distribución, etc. | Madrid |
| Nombre del editor, distribuidor, etc. | Nowtilus |
| Fecha de publicación, distribución, etc. | 2003 |
| 300 ## - DESCRIPCIÓN FÍSICA | |
| Extensión | XII, 210 p. |
| Dimensiones | 20 cm |
| 490 ## - MENCIÓN DE SERIE | |
| Mención de serie | Nowtilus frontera |
| -- | Robots & Aliens |
| 595 ## - NOTA DE EDICIÓN E HISTORIA BIBLIOGRÁFICA | |
| Nota de edición e historia bibliográfica | Traducción de: Odyssey |
| 650 24 - PUNTO DE ACCESO ADICIONAL DE MATERIA - TÉRMINO DE MATERIA | |
| 9 (RLIN) | 29319 |
| Término de materia o nombre geográfico como elemento inicial | Cuentos de ciencia ficción |
| 942 ## - ENTRADA DE ELEMENTOS AGREGADOS (KOHA) | |
| Fuente de clasificaión o esquema | Dewey Decimal Classification |
| Koha [por defecto] tipo de item | 1- Monografias |
| Suprimido | Perdido | Fuente de clasificación o esquema | Estropeado | Restricciones de uso | No para préstamo | Código de colección | Localización permanente | Localización actual | Localización en estanter&íacute;as | Fecha adquisición | Fuente de adquisición | Número de inventario | Préstamos totales | Signatura completa | Código de barras | Fecha última consulta | Fecha del precio de reemplazo | Tipo de item de Koha |
|---|---|---|---|---|---|---|---|---|---|---|---|---|---|---|---|---|---|---|
| NULL | NULL | Dewey Decimal Classification | NULL | Prestable | NULL | NULL | Biblioteca Miguel de Cervantes - UNICAES | Biblioteca Miguel de Cervantes - UNICAES | Sala Principal | 09/01/2018 | Donación - Marco Marroquin | 033752 | C KUB odi | 1043218 | 19/01/2018 | 19/01/2018 | 1- Monografias |